Fine Arts - Visual Fine Arts | 1 | 4 | 0 | 2 | 55 | 37 | 102.00 | 2 | 5 |
Fine Arts - Auditory Fine Arts | 0 | 4 | 0 | 0 | 40 | 110 | 126.00 | 0 | 4 |
Science - Physics | 1 | 3 | 2 | 0 | 35 | 70 | 88.75 | 1 | 4 |
Social Science | 2 | 1 | 2 | 0 | 30 | 49 | 75.33 | 2 | 3 |
Other Science: Earth Science | 1 | 1 | 0 | 0 | 25 | 61 | 91.00 | 1 | 2 |
Science - Chemistry | 1 | 1 | 0 | 0 | 25 | 59 | 82.00 | 1 | 2 |
Beliefs | 0 | 5 | 6 | 1 | 20 | 95 | 112.40 | 3 | 5 |
| 0 | 3 | 2 | 0 | 20 | 93 | 113.33 | 1 | 3 |
Other Science: Computer Science | 1 | 0 | 0 | 0 | 15 | 26 | 26.00 | 1 | 1 |
Other Science: Math | 1 | 0 | 0 | 0 | 15 | 20 | 20.00 | 1 | 1 |
Current Events | 1 | 0 | 0 | 0 | 15 | 51 | 51.00 | 1 | 1 |
Other Arts: Visual | 0 | 2 | 1 | 0 | 15 | 87 | 90.50 | 2 | 2 |
Literature - American Literature | 0 | 2 | 2 | 0 | 10 | 110 | 110.50 | 0 | 2 |
Literature - European Literature | 0 | 1 | 0 | 0 | 10 | 137 | 137.00 | 0 | 1 |
Geography | 0 | 1 | 0 | 0 | 10 | 118 | 118.00 | 1 | 1 |
History - World History | 1 | 0 | 1 | 0 | 10 | 71 | 71.00 | 1 | 1 |
History - American History | 0 | 1 | 1 | 1 | 5 | 132 | 132.00 | 0 | 1 |
Literature - British Literature | 1 | 1 | 4 | 0 | 5 | 78 | 103.00 | 1 | 2 |
Philosophy | 0 | 1 | 1 | 1 | 5 | 134 | 134.00 | 1 | 1 |
Science - Biology | 0 | 1 | 2 | 0 | 0 | 95 | 95.00 | 0 | 1 |
Religion | 0 | 0 | 1 | 0 | -5 | | 0.00 | 0 | 0 |
History - European History | 0 | 0 | 2 | 0 | -10 | | 0.00 | 0 | 0 |